| 000 | 00544nam a22001937a 4500 | ||
|---|---|---|---|
| 005 | 20240812123005.0 | ||
| 008 | 240812b |||||||| |||| 00| 0 eng d | ||
| 020 | _a978-81-317-2108-9 | ||
| 082 |
_a004.165 _bMAC-M |
||
| 100 | _aMackenzie, I. Scott | ||
| 245 |
_a8051 Microcontroller/ _cby I. Scott Mackenzie, Raphael C. W. Phan |
||
| 250 | _a4th ed. | ||
| 260 |
_aIndia : _bPearsons ; _c2007 |
||
| 300 |
_a551 p. : _c23 cm. |
||
| 500 | _aInclude Index. | ||
| 650 | _aElectrical/Engineering | ||
| 700 | _aPhan, Raphael C.W | ||
| 999 |
_c36381 _d36381 |
||